Pericles : the arden edition of the works of William Shakespeare
| Other Authors: | |
|---|---|
| Format: | Book |
| Published: |
New York :
Routledge ,
1993
|
| Series: | The Arden Shakespeare
|
| Subjects: |
MARC
| LEADER | 00000cam a2200000 7i4500 | ||
|---|---|---|---|
| 001 | 0000001640 | ||
| 002 | 000001790 | ||
| 005 | 20000330.0 | ||
| 020 | |a 0415027020 | ||
| 090 | 0 | 0 | |a 822.33 |b PER |
| 245 | 0 | 0 | |a Pericles : |b the arden edition of the works of William Shakespeare |c edited by F.D.Hoeniger |
| 260 | |a New York : |b Routledge , |c 1993 | ||
| 300 | |a 188 p. ; |c 21 cm. | ||
| 490 | 0 | |a The Arden Shakespeare | |
| 650 | 0 | 0 | |a Pericles |x Drama |
| 700 | 1 | |a Hoeniger, F.D | |
| 999 | |a 034051 |b BUKU |c PINJAMAN |e PERPUSTAKAAN KOMUNITI PETALING JAYA | ||